[Event "GBR-ch105 Major Open"]
[Site "Hull"]
[Date "2018.08.04"]
[Round "8"]
[White "Ruane, Brendan J"]
[Black "Dawson, Euan"]
[Result "1-0"]
[WhiteElo "1868"]
[BlackElo "1785"]
[PlyCount "85"]
[EventDate "2018.07.28"]
[EventType "swiss"]
[EventRounds "9"]
[EventCountry "GBR"]
[SourceTitle "CBM 185 Extra"]
[Source "ChessBase"]
[SourceDate "2018.06.29"]
[SourceVersion "1"]
[SourceVersionDate "2018.06.29"]
[SourceQuality "1"]

1. e4 c5 2. Nf3 g6 3. d3 Bg7 4. g3 Nc6 5. Bg2 e6 6. O-O Nge7 7. c3 O-O 8. Re1
d6 9. Bg5 Rb8 10. d4 b5 11. e5 dxe5 12. dxe5 Qc7 13. Qe2 Nd5 14. b3 h6 15. Bc1
a6 16. Ba3 b4 17. Bb2 Bb7 18. c4 Nb6 19. Nbd2 Nd7 20. h4 a5 21. Nf1 a4 22. Rad1
axb3 23. axb3 Ra8 24. N1h2 Ra2 25. Rd2 Ba8 26. Ng4 Rd8 27. Qe3 Kh7 28. Bc1 Rxd2
29. Bxd2 h5 30. Ng5+ Kg8 31. Nf6+ Nxf6 32. exf6 Bxf6 33. Ne4 Bg7 34. Qxc5 Qa5
35. Be3 Qxc5 36. Bxc5 Na5 37. Bb6 Nc6 38. Bxd8 Nxd8 39. Nf6+ Bxf6 40. Bxa8 e5
41. Bd5 Kf8 42. Kg2 Ke7 43. Ra1 1-0

[Event "GBR-ch105 Major Open"]
[Site "Hull"]
[Date "2018.08.04"]
[Round "8"]
[White "Rushbrooke, Remy"]
[Black "Gardiner, Eric D"]
[Result "1/2-1/2"]
[WhiteElo "1889"]
[BlackElo "1939"]
[PlyCount "89"]
[EventDate "2018.07.28"]
[EventType "swiss"]
[EventRounds "9"]
[EventCountry "GBR"]
[SourceTitle "CBM 185 Extra"]
[Source "ChessBase"]
[SourceDate "2018.06.29"]
[SourceVersion "1"]
[SourceVersionDate "2018.06.29"]
[SourceQuality "1"]

1. Nf3 d6 2. g3 e5 3. Bg2 f5 4. d4 e4 5. Nfd2 Nf6 6. c4 c6 7. Nc3 Be7 8. O-O
O-O 9. b4 d5 10. Qb3 Be6 11. c5 b6 12. a4 bxc5 13. bxc5 Nbd7 14. Qb7 Qc8 15.
Rb1 Qxb7 16. Rxb7 Rfb8 17. Rc7 Rc8 18. Rb7 Rcb8 19. Rb3 Bd8 20. Ba3 e3 21. fxe3
Ng4 22. Nd1 Rxb3 23. Nxb3 Rb8 24. Na1 Bg5 25. Nc2 Rb3 26. Bc1 Nb8 27. h3 Nf6
28. Kh2 h5 29. Bd2 Na6 30. Nf2 Rb2 31. Rc1 Ne4 32. Nd3 Ra2 33. Bxe4 dxe4 34.
Ne5 Bd5 35. Kh1 Rxa4 36. Ra1 Rxa1+ 37. Nxa1 Nc7 38. Nc2 Bf6 39. Ng6 Kf7 40. Nf4
h4 41. Ba5 Bb3 42. Nb4 Nd5 43. Nxc6 Nxe3 44. Nxa7 g5 45. c6 1/2-1/2

[Event "GBR-ch105 Major Open"]
[Site "Hull"]
[Date "2018.08.04"]
[Round "8"]
[White "Salmons, Calum"]
[Black "Jamroz, Viktor"]
[Result "1/2-1/2"]
[WhiteElo "1923"]
[BlackElo "1719"]
[PlyCount "108"]
[EventDate "2018.07.28"]
[EventType "swiss"]
[EventRounds "9"]
[EventCountry "GBR"]
[SourceTitle "CBM 185 Extra"]
[Source "ChessBase"]
[SourceDate "2018.06.29"]
[SourceVersion "1"]
[SourceVersionDate "2018.06.29"]
[SourceQuality "1"]

1. e4 e6 2. Nf3 d5 3. e5 c5 4. b4 cxb4 5. d4 Nc6 6. a3 Bd7 7. axb4 Bxb4+ 8. c3
Be7 9. Bd3 Rc8 10. O-O Na5 11. Nfd2 a6 12. f4 f5 13. Kh1 Nc4 14. Nf3 Nh6 15. h3
Nf7 16. Rg1 h5 17. Qe1 g6 18. Na3 Kf8 19. Nh2 Nh6 20. Ra2 Kf7 21. Nc2 Bb5 22.
Qe2 Qc7 23. Ne1 Qc6 24. Nef3 Nb6 25. Ng5+ Bxg5 26. fxg5 Ng8 27. Bd2 Bxd3 28.
Qxd3 Ne7 29. Rb1 Nc4 30. Be1 b5 31. Nf3 Rc7 32. Nd2 Nxd2 33. Bxd2 Ra8 34. Rb3
Nc8 35. Bc1 Nb6 36. Ba3 Na4 37. Bd6 Rcc8 38. Kh2 Qc4 39. Qxc4 Rxc4 40. Rc2 Rac8
41. Bc5 Nxc5 42. dxc5 R4xc5 43. Ra3 R5c6 44. Rca2 Ra8 45. Ra5 Rb6 46. g4 hxg4
47. hxg4 Ke7 48. Kg3 Rc6 49. gxf5 exf5 50. Rxb5 Rxc3+ 51. Kf2 axb5 52. Rxa8 Rc7
53. Ra6 Rb7 54. Rxg6 Kf7 1/2-1/2

[Event "GBR-ch105 Major Open"]
[Site "Hull"]
[Date "2018.08.04"]
[Round "8"]
[White "Shaw, Peter"]
[Black "Starley, Robert"]
[Result "1/2-1/2"]
[WhiteElo "2093"]
[BlackElo "2107"]
[PlyCount "68"]
[EventDate "2018.07.28"]
[EventType "swiss"]
[EventRounds "9"]
[EventCountry "GBR"]
[SourceTitle "CBM 185 Extra"]
[Source "ChessBase"]
[SourceDate "2018.06.29"]
[SourceVersion "1"]
[SourceVersionDate "2018.06.29"]
[SourceQuality "1"]

1. d4 d5 2. c4 dxc4 3. Nf3 c5 4. e3 cxd4 5. Bxc4 Nc6 6. exd4 e6 7. O-O Nf6 8.
Nc3 Be7 9. a3 O-O 10. Bd3 b6 11. Re1 Bb7 12. Bc2 Re8 13. Qd3 g6 14. Bh6 Ng4 15.
Bf4 Nf6 16. Rad1 Rc8 17. Bb3 Na5 18. Ba4 Bc6 19. Bxc6 Nxc6 20. d5 Nxd5 21. Nxd5
Qxd5 22. Qxd5 exd5 23. Rxd5 Bc5 24. Rxe8+ Rxe8 25. Kf1 a5 26. Ne5 Nxe5 27. Bxe5
a4 28. g4 h6 29. Bf6 Kf8 30. Rd7 Be7 31. Bc3 Bc5 32. Bf6 Be7 33. Bc3 Bc5 34.
Bf6 Be7 1/2-1/2

[Event "GBR-ch105 Major Open"]
[Site "Hull"]
[Date "2018.08.04"]
[Round "8"]
[White "Sivarajasingam, Shayanna"]
[Black "Easwar, Dhruv"]
[Result "1/2-1/2"]
[WhiteElo "1780"]
[BlackElo "1793"]
[PlyCount "65"]
[EventDate "2018.07.28"]
[EventType "swiss"]
[EventRounds "9"]
[EventCountry "GBR"]
[SourceTitle "CBM 185 Extra"]
[Source "ChessBase"]
[SourceDate "2018.06.29"]
[SourceVersion "1"]
[SourceVersionDate "2018.06.29"]
[SourceQuality "1"]

1. e4 c6 2. d4 d5 3. Nc3 dxe4 4. Nxe4 Bf5 5. Ng3 Bg6 6. h4 h6 7. Nf3 Nd7 8. h5
Bh7 9. Bd3 Bxd3 10. Qxd3 e6 11. Bf4 Ngf6 12. O-O-O Be7 13. Kb1 Qb6 14. c4 c5
15. d5 exd5 16. cxd5 O-O 17. d6 Bd8 18. Nf5 Qb4 19. Bd2 Qe4 20. Qxe4 Nxe4 21.
Be3 Re8 22. Nd2 Nxd2+ 23. Rxd2 Bf6 24. Rhd1 b6 25. Ne7+ Bxe7 26. dxe7 Ne5 27.
Rd8 Nc6 28. Rxa8 Rxa8 29. Rd7 Re8 30. Rc7 Nxe7 31. Rxa7 Nd5 32. Ra3 Nf6 33. Ra6
1/2-1/2

[Event "GBR-ch105 Major Open"]
[Site "Hull"]
[Date "2018.08.04"]
[Round "8"]
[White "Smith, Andrew Philip"]
[Black "Cowan, Richard M"]
[Result "1-0"]
[WhiteElo "2102"]
[BlackElo "1865"]
[PlyCount "75"]
[EventDate "2018.07.28"]
[EventType "swiss"]
[EventRounds "9"]
[EventCountry "GBR"]
[SourceTitle "CBM 185 Extra"]
[Source "ChessBase"]
[SourceDate "2018.06.29"]
[SourceVersion "1"]
[SourceVersionDate "2018.06.29"]
[SourceQuality "1"]

1. e4 c6 2. d4 d5 3. e5 Bf5 4. c4 e6 5. Nc3 Ne7 6. Nge2 dxc4 7. Ng3 Nd7 8. Bxc4
Nb6 9. Bb3 Bg6 10. O-O Qd7 11. Be3 Ned5 12. Qe2 O-O-O 13. Rad1 h5 14. Bg5 Re8
15. h4 Be7 16. Nge4 Bxe4 17. Nxe4 Kb8 18. Bxe7 Qxe7 19. g3 f5 20. exf6 gxf6 21.
Rfe1 Qg7 22. Nc5 e5 23. Qf3 Rhf8 24. dxe5 fxe5 25. Qg2 Nf6 26. Ne6 Rxe6 27.
Bxe6 Ng4 28. Bxg4 Qxg4 29. Qe4 Qxe4 30. Rxe4 Re8 31. Rd6 Nd5 32. Rh6 Kc7 33.
Rxh5 Kd6 34. Rh6+ Kc5 35. h5 a5 36. Rg6 Nb4 37. h6 Nd5 38. f4 1-0

[Event "GBR-ch105 Major Open"]
[Site "Hull"]
[Date "2018.08.04"]
[Round "8"]
[White "Stoyanov, Viktor"]
[Black "Rocco, Federico"]
[Result "1/2-1/2"]
[WhiteElo "2177"]
[BlackElo "2140"]
[PlyCount "90"]
[EventDate "2018.07.28"]
[EventType "swiss"]
[EventRounds "9"]
[EventCountry "GBR"]
[SourceTitle "CBM 185 Extra"]
[Source "ChessBase"]
[SourceDate "2018.06.29"]
[SourceVersion "1"]
[SourceVersionDate "2018.06.29"]
[SourceQuality "1"]

1. e4 e5 2. Nf3 Nc6 3. Nc3 Bc5 4. Be2 d6 5. O-O Nf6 6. d3 h6 7. Na4 O-O 8. Nxc5
dxc5 9. Be3 b6 10. c3 Be6 11. Qc2 Qe7 12. h3 Rad8 13. Nh2 Bc8 14. Rad1 Bb7 15.
a3 c4 16. dxc4 Na5 17. f3 Ba6 18. c5 Bxe2 19. Qxe2 Nh5 20. Rfe1 Qe6 21. Nf1 Nc4
22. Bc1 bxc5 23. Qf2 Qb6 24. Ne3 Qb3 25. Qc2 Na5 26. Qxb3 Nxb3 27. Nd5 Nxc1 28.
Rxc1 Rd7 29. g4 c6 30. gxh5 cxd5 31. exd5 Rxd5 32. c4 Rd2 33. Rxe5 Rxb2 34.
Rxc5 Re8 35. Rb5 Ra2 36. Rb3 Ree2 37. f4 Kh7 38. c5 Rg2+ 39. Kh1 Rh2+ 40. Kg1
Rag2+ 41. Kf1 g6 42. hxg6+ Kxg6 43. Rbc3 Rf2+ 44. Kg1 Rfg2+ 45. Kf1 Rf2+
1/2-1/2

[Event "GBR-ch105 Major Open"]
[Site "Hull"]
[Date "2018.08.04"]
[Round "8"]
[White "Thatte, Nishchal"]
[Black "Somton, Anita"]
[Result "1/2-1/2"]
[WhiteElo "1748"]
[BlackElo "1843"]
[PlyCount "79"]
[EventDate "2018.07.28"]
[EventType "swiss"]
[EventRounds "9"]
[EventCountry "GBR"]
[SourceTitle "CBM 185 Extra"]
[Source "ChessBase"]
[SourceDate "2018.06.29"]
[SourceVersion "1"]
[SourceVersionDate "2018.06.29"]
[SourceQuality "1"]

1. e4 c6 2. d4 d5 3. Nd2 dxe4 4. Nxe4 Bf5 5. Ng3 Bg6 6. h4 h6 7. Nf3 e6 8. Ne5
Bh7 9. Bd3 Bxd3 10. Qxd3 Nd7 11. f4 Ngf6 12. Bd2 Nxe5 13. fxe5 Nd5 14. O-O-O
Qd7 15. Rhf1 O-O-O 16. Ne4 f5 17. exf6 Nxf6 18. Nxf6 gxf6 19. Rxf6 Bg7 20. Rg6
Bxd4 21. c3 Bf2 22. Qxd7+ Rxd7 23. Be1 Be3+ 24. Kc2 Re8 25. Rxd7 Kxd7 26. Bd2
Bxd2 27. Kxd2 Rf8 28. Ke2 h5 29. Rg7+ Kc8 30. Re7 Rf6 31. Rh7 Rf5 32. Ke3 a6
33. b4 a5 34. a3 axb4 35. axb4 b5 36. Ke4 Kd8 37. Rg7 Rd5 38. g4 hxg4 39. Rxg4
Rh5 40. Kf4 1/2-1/2

[Event "GBR-ch105 Major Open"]
[Site "Hull"]
[Date "2018.08.04"]
[Round "8"]
[White "Villiers, Thomas"]
[Black "Teh, Eu Wen Aron"]
[Result "1-0"]
[WhiteElo "2173"]
[BlackElo "2286"]
[PlyCount "71"]
[EventDate "2018.07.28"]
[EventType "swiss"]
[EventRounds "9"]
[EventCountry "GBR"]
[SourceTitle "CBM 185 Extra"]
[Source "ChessBase"]
[SourceDate "2018.06.29"]
[SourceVersion "1"]
[SourceVersionDate "2018.06.29"]
[SourceQuality "1"]

1. c4 Nf6 2. Nc3 e6 3. e4 d5 4. e5 d4 5. exf6 dxc3 6. bxc3 Qxf6 7. Nf3 e5 8. d4
Nc6 9. Bg5 Qg6 10. d5 Nb8 11. Bd3 Bf5 12. Qa4+ Bd7 13. Qc2 f5 14. O-O e4 15.
Rfe1 Bd6 16. Bxe4 fxe4 17. Rxe4+ Kf7 18. Rae1 Re8 19. c5 Bxc5 20. Be7 Bd6 21.
Qe2 Kg8 22. Ne5 Bxe5 23. Rxe5 Qf7 24. Qe4 Na6 25. h4 b6 26. Qe3 c6 27. c4 cxd5
28. cxd5 Nc7 29. Qe4 Nb5 30. h5 Rac8 31. h6 Nc3 32. Qd4 g6 33. R1e3 Nb5 34. Qb2
Rc4 35. d6 a6 36. Rf3 1-0

[Event "GBR-ch105 Major Open"]
[Site "Hull"]
[Date "2018.08.04"]
[Round "8"]
[White "Willow, Jonah B"]
[Black "Ogunshola, Ben"]
[Result "0-1"]
[WhiteElo "2265"]
[BlackElo "2143"]
[PlyCount "84"]
[EventDate "2018.07.28"]
[EventType "swiss"]
[EventRounds "9"]
[EventCountry "GBR"]
[SourceTitle "CBM 185 Extra"]
[Source "ChessBase"]
[SourceDate "2018.06.29"]
[SourceVersion "1"]
[SourceVersionDate "2018.06.29"]
[SourceQuality "1"]

1. e4 d6 2. d4 g6 3. Nc3 Bg7 4. f4 Nf6 5. Nf3 O-O 6. e5 dxe5 7. fxe5 Nd5 8. Bc4
Nb6 9. Bb3 Nc6 10. a4 Bg4 11. a5 Bxf3 12. gxf3 Nc8 13. Be3 e6 14. h4 N8e7 15.
Bf2 Nf5 16. Ne2 Qe7 17. c3 Rfd8 18. f4 h5 19. Bc2 Qd7 20. Bxf5 exf5 21. Qb3 b5
22. axb6 axb6 23. O-O Na5 24. Qa2 Qb5 25. b4 Nc4 26. Qc2 Qd5 27. Ng3 Bh6 28.
Rxa8 Rxa8 29. Ne2 Qf3 30. b5 Bxf4 31. Nxf4 Qxf4 32. e6 Ne3 33. exf7+ Kxf7 34.
Bxe3 Qxe3+ 35. Kh2 Ra3 36. Rg1 Rxc3 37. Qa2+ Kf6 38. Rxg6+ Kxg6 39. Qg8+ Kf6
40. Qf8+ Ke6 41. Qg8+ Kd7 42. Qd5+ Ke7 0-1

[Event "GBR-ch105 Major Open"]
[Site "Hull"]
[Date "2018.08.05"]
[Round "9"]
[White "Brewer, Callum D"]
[Black "Hubbard, Michael"]
[Result "1-0"]
[WhiteElo "2064"]
[BlackElo "1888"]
[PlyCount "45"]
[EventDate "2018.07.28"]
[EventType "swiss"]
[EventRounds "9"]
[EventCountry "GBR"]
[SourceTitle "EXT 2019"]
[Source "ChessBase"]
[SourceDate "2018.10.10"]
[SourceVersion "1"]
[SourceVersionDate "2018.10.10"]
[SourceQuality "1"]

1. e4 d6 2. d4 Nf6 3. Nc3 c6 4. f4 Qa5 5. Bd3 e5 6. Nf3 exd4 7. Nxd4 g6 8. Be3
Bg7 9. h3 O-O 10. Qf3 Nbd7 11. O-O-O Nc5 12. Kb1 Bd7 13. g4 Na4 14. Nxa4 Qxa4
15. f5 Ne8 16. c3 c5 17. Bc2 Qa6 18. Ne2 Qc6 19. Nf4 gxf5 20. gxf5 Nf6 21. Nd5
Rfe8 22. Rhg1 Nxd5 23. Qg3 1-0

[Event "GBR-ch105 Major Open"]
[Site "Hull"]
[Date "2018.08.05"]
[Round "9"]
[White "Collins, Jonathan L"]
[Black "Anilkumar, Anantha P"]
[Result "1/2-1/2"]
[WhiteElo "1804"]
[BlackElo "1903"]
[PlyCount "69"]
[EventDate "2018.07.28"]
[EventType "swiss"]
[EventRounds "9"]
[EventCountry "GBR"]
[SourceTitle "EXT 2019"]
[Source "ChessBase"]
[SourceDate "2018.10.10"]
[SourceVersion "1"]
[SourceVersionDate "2018.10.10"]
[SourceQuality "1"]

1. e4 c5 2. Ne2 d6 3. g3 g6 4. Bg2 Bg7 5. c3 e6 6. d4 cxd4 7. cxd4 Ne7 8. Nbc3
O-O 9. Be3 b6 10. O-O Bb7 11. Qd2 d5 12. e5 Nf5 13. Nb5 Ba6 14. Nec3 Qd7 15. a4
Nc6 16. Rfc1 Na5 17. Qd1 Nxe3 18. fxe3 Bh6 19. e4 Bxb5 20. axb5 dxe4 21. Nxe4
Be3+ 22. Kh1 Qxd4 23. Nf6+ Kg7 24. Qxd4 Bxd4 25. Bxa8 Rxa8 26. Re1 Bxb2 27. Ra2
Bxe5 28. Nh5+ gxh5 29. Rxe5 Rd8 30. Rxh5 Kg6 31. g4 Rd4 32. h3 f6 33. Kg2 Rd7
34. Re2 Rd6 35. Ra2 1/2-1/2

[Event "GBR-ch105 Major Open"]
[Site "Hull"]
[Date "2018.08.05"]
[Round "9"]
[White "Dawson, Euan"]
[Black "Lovell, William PM"]
[Result "1/2-1/2"]
[WhiteElo "1785"]
[BlackElo "1754"]
[PlyCount "56"]
[EventDate "2018.07.28"]
[EventType "swiss"]
[EventRounds "9"]
[EventCountry "GBR"]
[SourceTitle "EXT 2019"]
[Source "ChessBase"]
[SourceDate "2018.10.10"]
[SourceVersion "1"]
[SourceVersionDate "2018.10.10"]
[SourceQuality "1"]

1. e4 c6 2. Nc3 d5 3. Nf3 Bg4 4. h3 Bxf3 5. Qxf3 e6 6. d3 Nf6 7. Bf4 Bb4 8. a3
Ba5 9. b4 Bb6 10. Na4 Bc7 11. e5 Nfd7 12. d4 O-O 13. Qg4 Re8 14. Bh6 g6 15. Bd3
Qe7 16. O-O Bd8 17. g3 a5 18. c3 axb4 19. axb4 b5 20. Nb2 Rxa1 21. Rxa1 Nb6 22.
f4 Kh8 23. f5 exf5 24. Bxf5 Rg8 25. Bd3 Qe6 26. Qxe6 fxe6 27. Rf1 Re8 28. h4
N8d7 1/2-1/2

[Event "GBR-ch105 Major Open"]
[Site "Hull"]
[Date "2018.08.05"]
[Round "9"]
[White "Evans, Nicholas Thomas"]
[Black "Turner, Tim M"]
[Result "1/2-1/2"]
[WhiteElo "1885"]
[BlackElo "1805"]
[PlyCount "68"]
[EventDate "2018.07.28"]
[EventType "swiss"]
[EventRounds "9"]
[EventCountry "GBR"]
[SourceTitle "EXT 2019"]
[Source "ChessBase"]
[SourceDate "2018.10.10"]
[SourceVersion "1"]
[SourceVersionDate "2018.10.10"]
[SourceQuality "1"]

1. d4 Nf6 2. Nf3 g6 3. g3 Bg7 4. c4 d6 5. Bg2 O-O 6. O-O Nc6 7. Nc3 e5 8. dxe5
dxe5 9. Qxd8 Rxd8 10. Bg5 Re8 11. Nb5 Re7 12. Nd2 h6 13. Bxf6 Bxf6 14. Ne4 Bg7
15. Nc5 Nd4 16. e3 Ne6 17. Bxb7 Bxb7 18. Nxb7 a6 19. Nc3 Rb8 20. Na5 Rxb2 21.
Rab1 Rc2 22. Rb8+ Kh7 23. Rd1 f5 24. Nd5 Rf7 25. Nb4 Rc3 26. Nb3 Rxc4 27. Nxa6
e4 28. Re8 Ng5 29. Nac5 Rc2 30. Kg2 Rxa2 31. h4 Nf3 32. Ne6 Be5 33. Nd8 Rg7 34.
Ne6 Rf7 1/2-1/2

[Event "GBR-ch105 Major Open"]
[Site "Hull"]
[Date "2018.08.05"]
[Round "9"]
[White "Gardiner, Eric D"]
[Black "Cawston, M John"]
[Result "1-0"]
[WhiteElo "1939"]
[BlackElo "1871"]
[PlyCount "35"]
[EventDate "2018.07.28"]
[EventType "swiss"]
[EventRounds "9"]
[EventCountry "GBR"]
[SourceTitle "EXT 2019"]
[Source "ChessBase"]
[SourceDate "2018.10.10"]
[SourceVersion "1"]
[SourceVersionDate "2018.10.10"]
[SourceQuality "1"]

1. d4 Nf6 2. Bg5 c5 3. d5 d6 4. Nc3 Qb6 5. e4 Qxb2 6. Bd2 Qb6 7. f4 e6 8. Nf3
exd5 9. e5 dxe5 10. fxe5 Qe6 11. Bb5+ Nc6 12. O-O Ng4 13. Ng5 Qh6 14. h3 f6 15.
hxg4 fxg5 16. Nxd5 Rb8 17. Bxg5 Qxg5 18. Nc7+ 1-0

[Event "GBR-ch105 Major Open"]
[Site "Hull"]
[Date "2018.08.05"]
[Round "9"]
[White "Garnett, John S"]
[Black "Camp, Imogen AL"]
[Result "1/2-1/2"]
[WhiteElo "1916"]
[BlackElo "1874"]
[PlyCount "45"]
[EventDate "2018.07.28"]
[EventType "swiss"]
[EventRounds "9"]
[EventCountry "GBR"]
[SourceTitle "EXT 2019"]
[Source "ChessBase"]
[SourceDate "2018.10.10"]
[SourceVersion "1"]
[SourceVersionDate "2018.10.10"]
[SourceQuality "1"]

1. c4 e6 2. g3 d5 3. Bg2 Nf6 4. Nf3 Be7 5. O-O O-O 6. b3 c6 7. Bb2 Nbd7 8. Qc2
b6 9. cxd5 cxd5 10. Nc3 Bb7 11. Rac1 Rc8 12. Qb1 a6 13. e3 Bd6 14. Ne2 Qe7 15.
Rxc8 Rxc8 16. Rc1 Qe8 17. Qa1 Rxc1+ 18. Qxc1 Nc5 19. Qc2 Qb5 20. Bf1 Qd3 21.
Ned4 Qxc2 22. Nxc2 Kf8 23. d3 1/2-1/2

[Event "GBR-ch105 Major Open"]
[Site "Hull"]
[Date "2018.08.05"]
[Round "9"]
[White "Howell, Oliver W"]
[Black "Milewska, Agnieszka"]
[Result "1-0"]
[WhiteElo "1905"]
[BlackElo "1778"]
[PlyCount "107"]
[EventDate "2018.07.28"]
[EventType "swiss"]
[EventRounds "9"]
[EventCountry "GBR"]
[SourceTitle "EXT 2019"]
[Source "ChessBase"]
[SourceDate "2018.10.10"]
[SourceVersion "1"]
[SourceVersionDate "2018.10.10"]
[SourceQuality "1"]

1. Nf3 d5 2. c4 e6 3. g3 c5 4. Bg2 Nc6 5. O-O Nf6 6. d3 Be7 7. b3 O-O 8. Bb2 b6
9. cxd5 exd5 10. Nbd2 Bf5 11. Rc1 Rc8 12. d4 Ne4 13. dxc5 Bxc5 14. Ne5 Nxf2 15.
Rxf2 Bxf2+ 16. Kxf2 Nxe5 17. Bxe5 Rxc1 18. Qxc1 Qe7 19. Bd4 Rc8 20. Qe1 Rc2 21.
a4 Qb4 22. Nf3 Qxb3 23. Be3 Qxa4 24. Nd4 Be6 25. Nxc2 Qxc2 26. Qb4 h6 27. Qf4
Qc8 28. Qd6 Qb7 29. Bd4 Qd7 30. Qxd7 Bxd7 31. Bxd5 Kf8 32. Ke3 g6 33. Kd3 Ke7
34. Kc4 Be6 35. e4 Bd7 36. e5 g5 37. Kb4 a5+ 38. Ka3 b5 39. Bc5+ Ke8 40. Bb6 a4
41. Kb4 h5 42. Bf3 g4 43. Be2 Ke7 44. Bxb5 Bxb5 45. Kxb5 Ke6 46. Kxa4 Kxe5 47.
Kb4 Ke4 48. Kc4 f5 49. Bc7 Kf3 50. Kd4 Kg2 51. Ke3 Kxh2 52. Kf4 Kh3 53. Bd8 Kg2
54. Bh4 1-0

[Event "GBR-ch105 Major Open"]
[Site "Hull"]
[Date "2018.08.05"]
[Round "9"]
[White "Hussain, Adam"]
[Black "Thatte, Nishchal"]
[Result "1/2-1/2"]
[WhiteElo "1557"]
[BlackElo "1748"]
[PlyCount "85"]
[EventDate "2018.07.28"]
[EventType "swiss"]
[EventRounds "9"]
[EventCountry "GBR"]
[SourceTitle "EXT 2019"]
[Source "ChessBase"]
[SourceDate "2018.10.10"]
[SourceVersion "1"]
[SourceVersionDate "2018.10.10"]
[SourceQuality "1"]

1. e4 e5 2. Nf3 Nc6 3. Bb5 a6 4. Ba4 Nf6 5. O-O Be7 6. Re1 b5 7. Bb3 d6 8. h3
O-O 9. c3 Nb8 10. d4 Nbd7 11. a4 Bb7 12. Bc2 c5 13. Nbd2 Re8 14. Nf1 Bf8 15.
Ng3 g6 16. d5 c4 17. Bg5 Bg7 18. Qd2 Nc5 19. Nh2 h5 20. f4 Qb6 21. Qf2 exf4 22.
Bxf4 h4 23. Ngf1 Qd8 24. Nd2 bxa4 25. Kh1 Nh5 26. Nxc4 Bf8 27. Ng4 g5 28. Bh2
Bc8 29. Qf3 Bxg4 30. Qxg4 Ng7 31. Rf1 Ra7 32. g3 Rae7 33. Rae1 f5 34. Qxg5 hxg3
35. Bxg3 Nxe4 36. Bxe4 Rxe4 37. Qxd8 Rxd8 38. Rxe4 fxe4 39. Re1 Nf5 40. Bh2 Re8
41. Ne3 Nxe3 42. Rxe3 Bh6 43. Re2 1/2-1/2

[Event "GBR-ch105 Major Open"]
[Site "Hull"]
[Date "2018.08.05"]
[Round "9"]
[White "Jamroz, Viktor"]
[Black "Guha, Chirag"]
[Result "1-0"]
[WhiteElo "1719"]
[BlackElo "1912"]
[PlyCount "111"]
[EventDate "2018.07.28"]
[EventType "swiss"]
[EventRounds "9"]
[EventCountry "GBR"]
[SourceTitle "EXT 2019"]
[Source "ChessBase"]
[SourceDate "2018.10.10"]
[SourceVersion "1"]
[SourceVersionDate "2018.10.10"]
[SourceQuality "1"]

1. e4 e5 2. Nf3 Nc6 3. Bb5 f5 4. Nc3 fxe4 5. Nxe4 d5 6. Nxe5 dxe4 7. Nxc6 Qg5
8. Qe2 Nf6 9. f4 Qxf4 10. d4 Qh4+ 11. g3 Qh3 12. Nxa7+ Bd7 13. Bxd7+ Qxd7 14.
Nb5 c6 15. Nc3 Qxd4 16. Be3 Qe5 17. Rd1 Bb4 18. Bd4 Qf5 19. a3 Bxc3+ 20. Bxc3
O-O 21. Rf1 Qe6 22. Bxf6 gxf6 23. Rf4 Rae8 24. Qg4+ Qxg4 25. Rxg4+ Kf7 26. Rd7+
Re7 27. Rxe7+ Kxe7 28. Rxe4+ Kd6 29. Kd2 Rf7 30. Kd3 f5 31. Rd4+ Kc5 32. c4 b5
33. b4+ Kb6 34. c5+ Kc7 35. Ke3 Re7+ 36. Kf4 Re2 37. h4 Rf2+ 38. Ke3 Rf1 39.
Rd3 h5 40. Ke2 Ra1 41. Kf3 Rf1+ 42. Ke3 Kc8 43. Rd6 Kc7 44. Rh6 Ra1 45. Rxh5
Rxa3+ 46. Kf4 Rb3 47. Rxf5 Rxb4+ 48. Kg5 Rc4 49. h5 b4 50. h6 Rc1 51. h7 Rh1
52. Rf7+ Kb8 53. Rf8+ Kc7 54. h8=Q Rxh8 55. Rxh8 b3 56. Rh1 1-0

[Event "GBR-ch105 Major Open"]
[Site "Hull"]
[Date "2018.08.05"]
[Round "9"]
[White "Jaufarally, Nadia"]
[Black "Ramaiya, Anshu"]
[Result "1/2-1/2"]
[WhiteElo "1988"]
[BlackElo "1846"]
[PlyCount "81"]
[EventDate "2018.07.28"]
[EventType "swiss"]
[EventRounds "9"]
[EventCountry "GBR"]
[SourceTitle "EXT 2019"]
[Source "ChessBase"]
[SourceDate "2018.10.10"]
[SourceVersion "1"]
[SourceVersionDate "2018.10.10"]
[SourceQuality "1"]

1. e4 c5 2. Nf3 Nc6 3. Bb5 e6 4. b3 Nge7 5. Bb2 a6 6. Bxc6 Nxc6 7. a4 d5 8.
exd5 exd5 9. O-O Be6 10. Re1 d4 11. d3 Be7 12. Nbd2 Qd7 13. Ne4 f5 14. Nxc5
Bxc5 15. Ng5 Nd8 16. Qe2 Bb4 17. Nxe6 Bxe1 18. Nxd4+ Kf7 19. Rxe1 Nc6 20. Nxc6
bxc6 21. Qe5 Rhg8 22. Qc3 Rae8 23. Rxe8 Qxe8 24. Qa5 Qc8 25. Qe5 Qe6 26. f4 Qd7
27. Qc3 Kg6 28. Qe1 h6 29. Be5 Re8 30. Qd2 Kh7 31. d4 g5 32. Qf2 Kg6 33. Qg3 c5
34. c3 cxd4 35. Bxd4 Qd5 36. fxg5 hxg5 37. b4 Re2 38. a5 Qe4 39. h3 Re1+ 40.
Kh2 Re2 41. Kg1 1/2-1/2

[Event "GBR-ch105 Major Open"]
[Site "Hull"]
[Date "2018.08.05"]
[Round "9"]
[White "Jones, Steven"]
[Black "Cocks, Elliot"]
[Result "1/2-1/2"]
[WhiteElo "2203"]
[BlackElo "1985"]
[PlyCount "67"]
[EventDate "2018.07.28"]
[EventType "swiss"]
[EventRounds "9"]
[EventCountry "GBR"]
[SourceTitle "EXT 2019"]
[Source "ChessBase"]
[SourceDate "2018.10.10"]
[SourceVersion "1"]
[SourceVersionDate "2018.10.10"]
[SourceQuality "1"]

1. e4 c5 2. Nf3 e6 3. d4 cxd4 4. Nxd4 Nc6 5. Nc3 Qc7 6. Be3 a6 7. Qd2 Nf6 8.
O-O-O b5 9. Nxc6 dxc6 10. f3 Be7 11. g4 a5 12. a4 b4 13. Ne2 c5 14. Nf4 Bb7 15.
Bc4 Rd8 16. Qg2 Bd6 17. Ne2 O-O 18. h4 Bc6 19. h5 Nd7 20. g5 Ne5 21. Ba2 c4 22.
g6 b3 23. gxh7+ Kh8 24. Bb1 bxc2 25. Bxc2 Nd3+ 26. Bxd3 cxd3 27. Rxd3 Bxa4+ 28.
Rc3 Qb7 29. Bd4 e5 30. Rg1 f6 31. Bc5 Bxc5 32. Rxc5 Rc8 33. Rxc8 Rxc8+ 34. Nc3
1/2-1/2